000 00571nam a2200217Ia 4500
005 20250326144447.0
008 250326s9999 xx 000 0 und d
020 _a978-0-470-13532-7
037 _aTextbook
040 _aFMSL
_beng
_cFMSL
041 _aeng
_2eng
084 _aX:87 P7
_qFMSL
100 _aSWINDELL
_9749688
245 0 _aEngaged leadership
_cSWINDELL
260 _aSan Francisco
_bSan Francisco, Pfeiffer
_c2007
300 _a225p
365 _b1159.893
650 _aLeadership
942 _cTB
_hX:87 P7
999 _c1303772
_d1303772